| 000 | 00348nam a2200145Ia 4500 | ||
|---|---|---|---|
| 008 | 150201s2010 xx 000 0 und d | ||
| 082 |
_a617.96 _bA10M |
||
| 100 | _aMILLER,RONALD D | ||
| 245 | _aMILLER ANAESTHESIOLOGY | ||
| 250 | _a7TH | ||
| 260 |
_bJAYPEE BROTHERS _aDELHI _c2010 |
||
| 300 | _a1-1556 | ||
| 650 | _aANAESTHESIOLOGY | ||
| 942 |
_2ddc _cBK |
||
| 999 |
_c487 _d487 |
||